000 01329nam a22002417a 4500
001 9739
003 FISKH
005 20260203155102.0
008 260203b cb ||||| |||| 00| 0 eng d
020 _a9781107674509
040 _aFISKH
_beng
_cFISKH
_dFISKH
050 _aPZ7
082 _a500
100 _aBaxter, Fiona
_eAuthor
245 _aCambridge primary Science learner's book 4 /
_cFiona Baxter , Liz Dilley , Alan Cross and Jon Board
260 _aCambridge :
_bCambridge University Press ,
_c2014
300 _a104 pages :
_bcolor illustrations ;
_c28 cm
520 _aCambridge Primary Science is a flexible, engaging course written specifically for the Cambridge Primary Science curriculum framework. This Learner's Book for Stage 4 covers all objectives required by the curriculum framework in an engaging, visually stimulating manner. Learning through enquiry is supported by suggestions for hands-on activities, which provide integrated coverage of the Scientific Enquiry objectives. Language skills can be developed using the 'Talk about it!' ideas for classroom discussion. Assessment and preparation for the Progression Test is achieved through 'Check your progress' questions at the end of each unit.
650 _aLearner's book
700 _aDilley, Liz
_eAuthor
942 _2ddc
_cBK
_n0
999 _c9739
_d9739